| 000 | 00364nam a2200169Ia 4500 | ||
|---|---|---|---|
| 999 |
_c29834 _d29834 |
||
| 003 | OSt | ||
| 005 | 20240423121326.0 | ||
| 008 | 200615s9999||||xx |||||||||||||| ||und|| | ||
| 040 | _cMUIT | ||
| 082 |
_a4 _bRGG-A |
||
| 100 | _aR G GUPTA | ||
| 245 | 0 | _aAUDIO AND VIDIO SYSTEMS | |
| 250 | _a2ND | ||
| 260 |
_aNew Delhi _bMGH _c2018 |
||
| 300 | _a0 | ||
| 942 |
_cBK _2ddc |
||